| 000 | 00749nam a22002057a 4500 | ||
|---|---|---|---|
| 999 |
_c5640 _d5640 |
||
| 003 | AR-CdUCM | ||
| 008 | 190313b ||||| |||| 00| 0 spa d | ||
| 040 |
_aMUNICIPALIDAD PROVINCIAL DEL CUSCO _cBIBLIOTECA MUNICIPAL DEL CUSCO |
||
| 082 |
_a304.6 / _bC54 |
||
| 100 |
_aChoquehuanca Huanca, Andrés _96356 |
||
| 245 | _aEspacio físico y población de Huancané / | ||
| 260 |
_aCusco : _bAlpha, _c2001. |
||
| 300 |
_a202 paginas ; _bIlustraciones , mapas, _c21 cm. |
||
| 505 | _aTerritorio -- Tectonica y geología -- Geomorfología -- Hidrogeografía -- Climatología... | ||
| 650 |
_aLimites y delimitación _916847 |
||
| 650 |
_aFormaciones litologicas _916848 |
||
| 650 |
_aFallas y plegamientos _916849 |
||
| 942 |
_2ddc _cLIBROS |
||
| 945 | _awnts | ||